LIBRARY & INFORMATION CENTRE, KCAET, TAVANUR

ONLINE PUBLIC ACCESS CATALOGUE (OPAC)

Food Safety Regulatory Compliance: Catalyst for a Lean and Sustainable Food Supply Chain (Record no. 14300)

MARC details
000 -LEADER
fixed length control field 00339nam a22001217a 4500
020 ## - INTERNATIONAL STANDARD BOOK NUMBER
ISBN 9780849331602
082 ## - DEWEY DECIMAL CLASSIFICATION NUMBER
Classification number 664
Item number BLE/FO
100 ## - MAIN ENTRY--AUTHOR NAME
Personal name Blevins,Preston.W
245 ## - TITLE STATEMENT
Title Food Safety Regulatory Compliance: Catalyst for a Lean and Sustainable Food Supply Chain
260 ## - PUBLICATION, DISTRIBUTION, ETC. (IMPRINT)
Place of publication New York
Name of publisher CRC Press
Year of publication 2013
300 ## - PHYSICAL DESCRIPTION
Number of Pages 320
942 ## - ADDED ENTRY ELEMENTS (KOHA)
Koha item type Reference
Holdings
Withdrawn status Lost status Damaged status Collection code Home library Current library Shelving location Date acquired Source of acquisition Cost, normal purchase price Full call number Accession Number Koha item type
      General Books KAUAET KAUAET General Stacks 14/06/2016 Dream Tech, Trivandrum 6532.91 664 BLE/FO 24435 Reference
free website counter